000 00977cam a22002531i 4500
003 SA-RiAUC
005 20250603115439.0
008 250525s1995 ku o g f00010 ara c
040 _aKW-KcNLK
_bara
_cSA-RiAUC.
_erda
043 _aa-ku---
082 0 4 _a253.902
_qSA-RiAUC
092 _a253.902
_bا م ا
110 2 _aالأمانة العامة للأوقاف (الكويت)
_eمؤلف.
245 1 0 _aسجل العطاء الوقفي /
_cالأمانة العامة للأوقاف.
250 _aالطبعة الأولى.
264 1 _aالكويت :
_bوزارة الأوقاف والشؤون الإسلامية، الأمانة العامة للأوقاف،
_c1995
300 _a706 صفحة :
_bصور ؛
_c30 سم
336 _aنص
_btxt
_2rdacontent
_3كتاب
337 _aبدون وسيط
_bn
_2rdamedia
338 _aمجلد
_bnc
_2rdacarrier
650 7 _aالوقف
_zالكويت
_2aucsh
942 _2ddc
_cBOOK
_n0
949 _aSA-JeALM
_d250525
_uosman123
_n1
999 _c8697
_d8697